1706 1342 1327 1790 1165 1528 1850 1999 1589 1609 1054 1058 1328 1879 1005 1178 1846 1669 1556 1864 1791 1564 1632 1923 1022 1476 1729 1126 1937 1423 1982 1654 1122 1000 1782 1399 1256 1214 1525 1108 1668 1624 1119 1454 1755 1999 1479 1562 1975 1279 1426 1329 1640 1570 1679 1712 1263 1743 1085 1438 1075 1575 1088 1155 1700 1820 1112 1809 1691 1918 1057 1716 1965 1703 1657 1890 1578 1286 1603 1730 1876 1429 1698 1740 1616 1759 1286 1994 1934 1301 1837 1322 1657 1081 1049 1562 1361 1913 1228 BCNSPRNW ULIB Ver.6.0+V

เปลี่ยนเป็นภาษาไทย

Change to English
 แสดงรายละเอียดบรรณานุกรม
  กลับหน้าหลัก

Brief Record : Get Marc (ISO 2709) : E-mail record : QR code < ปิดหน้าต่าง
LEADER : 00000nas 2200000uu 4500
001    13399114048
003     ULIB
008    120203s||||||||th 000 0 tha d
022    ^a08582599
110    ^aจุลสารชมรมควบคุมโรคติดเชื้อในโรงพยาบาลแห่งประเทศไทย
245    ^aจุลสารชมรมควบคุมโรคติดเชื้อในโรงพยาบาลแห่งประเทศไทย
260    ^aกรุงเทพฯ :^bจุลสารชมรมควบคุมโรคติดเชื้อในโรงพยาบาลแห่งประเทศไทย,^cม.ป.ป.
310    ^aรายสี่เดือน
850    ^aฉบับที่ 3 ปีที่ 21
945    ^p0^l0^i800042
999 ^a ใช้งานได้ทุกระบบ
รายการนี้ยังไม่มีแท็ก
คุณยังไม่ได้ล็อกอิน คุณสามารถมีกิจกรรมร่วมกับเว็บไซต์ได้ แต่ต้องล็อกอินก่อน ::
  ล็อกอิน

รายการสื่อสารสนเทศ (วารสาร)

ดูแบบ: กล่อง รายการ
ARRIVED
ฉบับที่ 3 ปีที่ 21
สถานที่: ห้องสมุดวิทยาเขตสวรรค์ประชารักษ์ >วารสาร
รายการใกล้เคียง
    ชื่อเรื่อง [จุลสารชมรมควบคุมโรคติดเชื้อในโรงพยาบาลแห่งประเทศไทย]

BibComment


ยังไม่เคยถูกคอมเมนท์

คอมเมนท์ทรัพยากรรายการนี้
  คอมเมนท์: จุลสารชมรมควบคุม..


 Copyright 2026. Bcnsprnw @Library